LEADER 00836nam0-22003131i-450- 001 990003060780403321 035 $a000306078 035 $aFED01000306078 035 $a(Aleph)000306078FED01 035 $a000306078 100 $a20000920d1968----km-y0itay50------ba 101 0 $aita 102 $aIT 200 1 $aEconomic Reforms in Eastern Europe$fby Michael Gamarnikow. 210 $aDetroit$cWayne State University Press$d1968 610 0 $aEuropa orientale$aEconomia 676 $aF/1.413 676 $aF/1.424 676 $aF/1.425 676 $aF/1.7 702 1$aGamarnikow,$bMichael 801 0$aIT$bUNINA$gRICA$2UNIMARC 901 $aBK 912 $a990003060780403321 952 $aN/1.2 GAM$b2716/I$fSES 959 $aSES 996 $aEconomic Reforms in Eastern Europe$9465183 997 $aUNINA DB $aING01 LEADER 01770oam 2200517zu 450 001 9911019874103321 005 20251116163541.0 010 $a0-470-77867-9 010 $a0-470-77175-5 010 $a0-470-77205-0 035 $a(CKB)2500000000001605 035 $a(SSID)ssj0000353990 035 $a(PQKBManifestationID)11251084 035 $a(PQKBTitleCode)TC0000353990 035 $a(PQKBWorkID)10302678 035 $a(PQKB)11340500 035 $a(EXLCZ)992500000000001605 100 $a20160829d1985 uy 101 0 $aeng 181 $ctxt 182 $cc 183 $acr 200 04$aThe Chemistry of the Metal Carbon: The Structure Preparation, Thermochemistry and Characterization of Organometallic Compounds. Vol. 3 210 31$a[Place of publication not identified]$cJohn Wiley & Sons Incorporated$d1985 225 0 $aThe Chemistry of the metal-carbon bond Carbon-carbon bond formation using organometallic compounds 300 $aBibliographic Level Mode of Issuance: Monograph 311 08$a0-471-90557-7 606 $aOrganometallic compounds 606 $aChemical bonds 606 $aOrganic Chemistry$2HILCC 606 $aChemistry$2HILCC 606 $aPhysical Sciences & Mathematics$2HILCC 615 0$aOrganometallic compounds. 615 0$aChemical bonds. 615 7$aOrganic Chemistry 615 7$aChemistry 615 7$aPhysical Sciences & Mathematics 676 $a547/.05 676 $a547/.05 s 702 $aPatai$b Saul 702 $aHartley$b F. R. 801 0$bPQKB 906 $aBOOK 912 $a9911019874103321 996 $aThe Chemistry of the Metal Carbon: The Structure Preparation, Thermochemistry and Characterization of Organometallic Compounds. Vol. 3$94420667 997 $aUNINA